000 00575nam a2200205Ia 4500
005 20250508165407.0
008 008 250505s9999 xx 000 0 eng d
037 _aTextual
040 _aFEDL
_beng
_cFEDL
041 _aeng
_2eng
084 _a362.4, RAI
_qFEDL
100 _aRai N K
_9780718
245 0 _aVisual handicaps and personality dynamics
260 _aDelhi, India
_bAcademic Excellence
_c2005
300 _aViii, 237p.
365 _aINR
_b550
546 _aGifted by Toolika Wadhwa
942 _cTEXL
_h362.4, RAI
999 _c1394857
_d1394857